Ethics modeling (Record no. 11038)
[ view plain ]
| 000 -LEADER | |
|---|---|
| fixed length control field | 00223nam a22001097a 4500 |
| 040 ## - CATALOGING SOURCE | |
| Transcribing agency | 300 |
| 082 ## - DEWEY DECIMAL CLASSIFICATION NUMBER | |
| Classification number | 300 WIIL 1994 C083 |
| 100 ## - MAIN ENTRY--AUTHOR NAME | |
| Personal name | WILLIAM |
| 245 ## - TITLE STATEMENT | |
| Title | Ethics modeling |
| 260 ## - PUBLICATION, DISTRIBUTION, ETC. (IMPRINT) | |
| Place of publication | Phnom Penh |
| Name of publisher | WIL |
| Year of publication | 1994 |
| 942 ## - ADDED ENTRY ELEMENTS (KOHA) | |
| Koha item type | សៀវភៅភាសាអង់គ្លេស |
| 952 ## - LOCATION AND ITEM INFORMATION (KOHA) | |
| Withdrawn status [LOCAL, KOHA] | 0 |
| Permanent Location | Date acquired | Koha item type | Lost status | Shelving location | Barcode | Current Location | Full call number |
|---|---|---|---|---|---|---|---|
| Library Block C | 2017-02-14 | សៀវភៅភាសាអង់គ្លេស | C188 | A04591 | Library Block C | 300 WIIL 1994 C188 |